000 00887nam1a22002411i 4500
001 rc\4876471
005 20260407123533.0
035 _a(NLR Aleph) 008824469
090 _a8243074
_c8243074
100 _a20130426d1967 |||y0rusy50 ca
101 0 _arus
102 _aRU
105 _ay z |||||
200 1 _aПериодические издания, поступающие в Центральную Военно-Морскую библиотеку...
210 _aЛенинград
_cБ. и.
_d1967
215 _d20
300 _aОтпеч. множит. аппаратом
333 _aДля служебного пользования
710 0 2 _aЦентральная военно-морская библиотека
_cЛенинград
_3RU\NLR\AUTH\889962853
_9422007
801 0 _aRU
_bNLR
_gpsbo
801 1 _aRU
_bELAR
_2rusmarc
852 _aNLR
_j50к/10003
942 _cBOOK